|
|
|
|
| LEADER |
01144ppm a22002538a 4500 |
| 001 |
00043200 |
| 005 |
20181114141127.0 |
| 008 |
170627s2017 ||||||viesd |
| 041 |
0 |
# |
|a vie
|
| 082 |
1 |
4 |
|b NG454NG
|a 658.8
|
| 100 |
1 |
# |
|a Trần, Thị Kim Phượng
|
| 245 |
0 |
0 |
|a Ngôn ngữ quảng cáo trên các biển hiệu ở địa bàn thành phố Tân An, Long An
|b Luận văn thạc sĩ Ngữ Văn. Chuyên ngành: Ngôn ngữ Việt Nam . Mã số: 8 22 01 02
|c Trần Thị Kim Phượng ; Trần Đức Hùng (hướng dẫn)
|
| 260 |
# |
# |
|a Đồng Tháp
|b Đại học Đồng Tháp
|c 2018
|
| 300 |
# |
# |
|a 102 tr.
|c 30 cm.
|
| 500 |
# |
# |
|a ĐTTS ghi: Bộ giáo dục và đào tạo. Trường Đại học Đồng tháp
|
| 653 |
# |
# |
|a Kinh doanh
|
| 653 |
# |
# |
|a Quảng cáo
|
| 653 |
# |
# |
|a Ngôn ngữ
|
| 653 |
# |
# |
|a Long An
|
| 653 |
# |
# |
|a Luận Văn
|
| 700 |
1 |
# |
|a Trần, Đức Hùng
|e Hướng dẫn
|
| 852 |
# |
# |
|j LV.0002018
|j LV.0001885
|
| 910 |
0 |
# |
|d 14/11/2018
|
| 980 |
# |
# |
|a Trung tâm Học liệu Lê Vũ Hùng, Trường Đại học Đồng Tháp
|